000 00577nam a2200205Ia 4500
003 GCL
008 140319s9999 xx 000 0 ara d
040 _aGCL /
_cGCL
082 0 4 _aط
_b813.01
_bر ا
100 1 _aحلمى التونى
245 1 0 _aالاميرة المظلومة /
_cحلمى التونى
700 1 _aراجى عنايت
260 _a[S.N] :
_bدار الشروق ،
_c1993
300 _a24 ص
490 _aاجمل الحكايات
_v0
650 0 4 _aالاطفال
650 0 4 _aالقصص
650 0 4 _aقصص الاطفال
942 _2ddc
_cBK
999 _c56628
_d56628